000 00750nam a2200253 i 4500
001 C2-0252555
003 PPAK
005 20180727215722.0
008 031113s1990 my |||| ||||| | may d
040 _aPPAK
_beng
_cPPAK
_erda
082 0 4 _a352.48
_223
090 0 0 _a352.48
_bCAD
_dKK
110 2 _aPerbendaharaan Malaysia
245 0 0 _aCadangan-cadangan perbelanjaan tahunan
264 1 _aKuala Lumpur :
_bPerbendaharaan Malaysia ,
_c1990
300 _aiii, 60 pages ;
_c30 cm
336 _2rdacontent
_atext
337 _2rdamedia
_aunmediated
338 _2rdacarrier
_avolume
500 _aPekeliling perbendaharaan bil. 5
650 1 0 _aBudget - Malaysia - Periodicals
710 2 _aPerbendaharaan Malaysia
_eorganizer
942 _ddc
_cB
999 _c65570
_d65570